[Event "Fagernes op-B"]
[Site "Fagernes"]
[Date "2023.04.06"]
[Round "6"]
[White "Kittilsen, Sigurd"]
[Black "Andersen, Dag"]
[Result "1/2-1/2"]
[WhiteElo "1827"]
[BlackElo "1776"]
[PlyCount "92"]
[EventDate "2023.04.02"]
[EventType "swiss"]
[EventRounds "9"]
[EventCountry "NOR"]
[SourceTitle "CBM 213 Extra"]
[Source "ChessBase"]
[SourceDate "2023.05.31"]
[SourceVersion "1"]
[SourceVersionDate "2023.05.31"]
[SourceQuality "1"]

1. e4 c5 2. Nf3 e6 3. d4 cxd4 4. Nxd4 Nf6 5. Nc3 d6 6. Be3 a6 7. Qd2 Be7 8. f3 0-0 9. g4 Nc6 10. 0-0-0 Nxd4 11. Qxd4 b5 12. h4 Qa5 13. Qb6 Qxb6 14. Bxb6 Bb7 15. g5 Ne8 16. a3 Rc8 17. Bh3 Rc6 18. Ba5 g6 19. Bb4 Bd8 20. e5 Rxc3 21. bxc3 Bxf3 22. exd6 Bxh1 23. Rxh1 f5 24. d7 Nc7 25. Bxf8 Kxf8 26. Bg2 e5 27. Bb7 Kf7 28. Kb2 Ke6 29. Kb3 Kxd7 30. Rd1+ Ke7 31. Bc6 Ne6 32. Rd7+ Kf8 33. Rxh7 e4 34. Kb2 e3 35. Kc1 Ba5 36. Kd1 Bxc3 37. Bf3 Bg7 38. Ke2 f4 39. Bg4 Kg8 40. Bxe6+ Kxh7 41. Bc8 a5 42. Ba6 Bf8 43. Bxb5 Bxa3 44. Bd3 Kg7 45. c4 Bd6 46. Bc2 Bc7 1/2-1/2

[Event "Fagernes op-B"]
[Site "Fagernes"]
[Date "2023.04.05"]
[Round "4"]
[White "Kittilsen, Sigurd"]
[Black "Gasland, Lukas Dominik"]
[Result "1/2-1/2"]
[WhiteElo "1827"]
[BlackElo "1681"]
[PlyCount "190"]
[EventDate "2023.04.02"]
[EventType "swiss"]
[EventRounds "9"]
[EventCountry "NOR"]
[SourceTitle "CBM 213 Extra"]
[Source "ChessBase"]
[SourceDate "2023.05.31"]
[SourceVersion "1"]
[SourceVersionDate "2023.05.31"]
[SourceQuality "1"]

1. e4 c5 2. Nf3 d6 3. d4 cxd4 4. Nxd4 Nf6 5. Nc3 Nc6 6. Bg5 e6 7. Qd2 Be7 8. 0-0-0 a6 9. f3 Bd7 10. Kb1 b5 11. g4 b4 12. Nxc6 Bxc6 13. Bxf6 gxf6 14. Ne2 Qb6 15. Nd4 Bd7 16. Qh6 0-0-0 17. Qg7 Rdf8 18. Bc4 h5 19. Bxe6 Bxe6 20. Nxe6 Rhg8 21. Qh7 Rh8 22. Qg7 Rhg8 23. Qh7 Rh8 24. Qf5 fxe6 25. Qxe6+ Kd8 26. Rd5 Re8 27. Rhd1 Kc7 28. R1d4 hxg4 29. c3 bxc3 30. Rc4+ Kb8 31. Rxc3 Qg1+ 32. Rc1 Qa7 33. Rd3 Ka8 34. Rb3 Rb8 35. Qd5+ Rb7 36. fxg4 Kb8 37. Rbc3 Qf2 38. Rb3 Qa7 39. Rbc3 Rb5 40. Qc4 Qb7 41. R1c2 Rb4 42. Qd3 Qb5 43. Qd2 Rd8 44. Qc1 Qb7 45. a3 Rb6 46. Qe3 Rd7 47. Rc8+ Ka7 48. R2c6 Bd8 49. a4 Bc7 50. R8xc7 Rxc7 51. Rxc7 Qxc7 52. a5 Qc4 53. Qxb6+ Ka8 54. Qd8+ Kb7 55. Qb6+ Ka8 56. Qe3 Qf1+ 57. Ka2 Qb5 58. Qe1 Qc4+ 59. Ka1 Qe6 60. Qh1 Ka7 61. Qg1+ Ka8 62. Qg2 Qe5 63. Kb1 Kb8 64. h4 Qxa5 65. Qg3 Qb4 66. Qd3 Qe1+ 67. Ka2 Qxh4 68. Qxd6+ Ka7 69. Qc5+ Kb7 70. Qe7+ Ka8 71. e5 Qxg4 72. Qe8+ Ka7 73. Qf7+ Ka8 74. Qd5+ Ka7 75. Qc5+ Ka8 76. Qc6+ Ka7 77. exf6 Qg8+ 78. Ka3 Qg3+ 79. Qc3 Qd6+ 80. Ka2 Qd5+ 81. b3 Qf5 82. Qc7+ Ka8 83. f7 a5 84. Qd8+ Ka7 85. Qe7+ Ka6 86. Qd6+ Kb5 87. Qb8+ Ka6 88. Qa8+ Kb5 89. Qb8+ Ka6 90. f8Q Qc2+ 91. Ka3 Qc1+ 92. Ka4 Qc6+ 93. Ka3 Qc1+ 94. Ka4 Qc6+ 95. Ka3 Qc1+ 1/2-1/2

[Event "Fagernes op-B"]
[Site "Fagernes"]
[Date "2023.04.05"]
[Round "5"]
[White "Rehman, Rafe"]
[Black "Kittilsen, Sigurd"]
[Result "1-0"]
[WhiteElo "1749"]
[BlackElo "1827"]
[PlyCount "105"]
[EventDate "2023.04.02"]
[EventType "swiss"]
[EventRounds "9"]
[EventCountry "NOR"]
[SourceTitle "CBM 213 Extra"]
[Source "ChessBase"]
[SourceDate "2023.05.31"]
[SourceVersion "1"]
[SourceVersionDate "2023.05.31"]
[SourceQuality "1"]

1. d4 Nf6 2. Nc3 e6 3. Bf4 c5 4. e3 cxd4 5. exd4 Nc6 6. Bc4 d5 7. Bb3 Bb4 8. Qd3 Ne4 9. Nge2 Qf6 10. 0-0 Nxc3 11. bxc3 Be7 12. c4 dxc4 13. Bxc4 0-0 14. Qg3 Qg6 15. c3 b6 16. Qe3 Bb7 17. Bd3 Qf6 18. Ng3 g5 19. Qe4 Qg7 20. Bd2 Rae8 21. f4 Nb4 22. Qxb7 Nxd3 23. f5 Bf6 24. Qf3 Nf4 25. Qg4 h5 26. Nxh5 Nxh5 27. Qxh5 exf5 28. Rxf5 Bxd4+ 29. Kh1 Re5 30. Raf1 Rxf5 31. Rxf5 Bf6 32. Bxg5 Bxc3 33. Be7 Bd2 34. Bf6 Re8 35. Be5 Bf4 36. Rxf7 Rxe5 37. Rxg7+ Kxg7 38. Qg4+ Kh7 39. g3 Bg5 40. Qh5+ Kg7 41. h4 Bf6 42. Qg4+ Kh6 43. Kg2 Ra5 44. Qg8 Rc5 45. g4 Bg7 46. g5+ Kg6 47. Kf3 Ra5 48. a4 a6 49. Qe8+ Kh7 50. Qe4+ Kg8 51. g6 Re5 52. Qc4+ Kf8 53. Qf7# 1-0

[Event "Helsingor Xtracon op"]
[Site "Helsingor"]
[Date "2019.07.25"]
[Round "7"]
[White "Kittilsen, Sigurd"]
[Black "Strachan, Christian C"]
[Result "1-0"]
[WhiteElo "1894"]
[BlackElo "1727"]
[PlyCount "63"]
[EventDate "2019.07.20"]
[EventType "swiss"]
[EventRounds "10"]
[EventCountry "DEN"]
[SourceTitle "CBM 191 Extra"]
[Source "ChessBase"]
[SourceDate "2019.09.30"]
[SourceVersion "1"]
[SourceVersionDate "2019.09.30"]
[SourceQuality "1"]

1. e4 e6 2. d4 d5 3. Nd2 Be7 4. Bd3 dxe4 5. Nxe4 Nf6 6. Nf3 Nbd7 7. Nxf6+ Nxf6 8. 0-0 0-0 9. Re1 b6 10. a4 Bb7 11. a5 Rc8 12. axb6 axb6 13. Bg5 c5 14. Ba6 Bxa6 15. Rxa6 h6 16. Bh4 Qc7 17. c3 cxd4 18. Nxd4 g5 19. Bg3 Qb7 20. Qe2 Rfe8 21. Rea1 Ra8 22. h3 Nd7 23. Rxa8 Rxa8 24. Rxa8+ Qxa8 25. Nxe6 Bf6 26. Nc7 Qa1+ 27. Kh2 Nf8 28. Nd5 Bd8 29. Qe8 Qa8 30. Bd6 Qxd5 31. Qxf8+ Kh7 32. Qxd8 1-0

[Event "NOR-ch Class1"]
[Site "Larvik"]
[Date "2019.07.08"]
[Round "4"]
[White "Kyrkjebo, Hannah Bakken"]
[Black "Kittilsen, Sigurd"]
[Result "1/2-1/2"]
[WhiteElo "1915"]
[BlackElo "1894"]
[PlyCount "81"]
[EventDate "2019.07.05"]
[EventType "swiss"]
[EventRounds "9"]
[EventCountry "NOR"]
[SourceTitle "EXT 2024"]
[Source "ChessBase"]
[SourceDate "2023.10.10"]
[SourceVersion "1"]
[SourceVersionDate "2023.10.10"]
[SourceQuality "1"]

1. e4 c5 2. Nf3 g6 3. d4 cxd4 4. Qxd4 Nf6 5. Nc3 Nc6 6. Qa4 d6 7. e5 dxe5 8. Nxe5 Bg7 9. Bb5 0-0 10. Nxc6 bxc6 11. Bxc6 Bd7 12. 0-0 Rc8 13. Bxd7 Qxd7 14. Qxd7 Nxd7 15. Bd2 Nb6 16. Rfe1 e6 17. Red1 Nc4 18. Rab1 Nxd2 19. Rxd2 Bxc3 20. bxc3 Rxc3 21. Rb7 Rfc8 22. g3 R8c7 23. Rxc7 Rxc7 24. Rd8+ Kg7 25. Ra8 Rxc2 26. Rxa7 Kf6 27. a4 Ra2 28. a5 h5 29. a6 e5 30. Ra8 e4 31. a7 Ra1+ 32. Kg2 Ra2 33. Kf1 Kg7 34. Ke1 Kf6 35. h3 Kg7 36. Kd1 Kf6 37. Ke1 Kg7 38. h4 Kf6 39. Kf1 Kg7 40. Ke1 Kf6 41. Kf1 1/2-1/2

[Event "Helsingor Xtracon op"]
[Site "Helsingor"]
[Date "2018.07.24"]
[Round "5"]
[White "Kittilsen, Sigurd"]
[Black "Koellner, Christoph"]
[Result "0-1"]
[WhiteElo "1893"]
[BlackElo "2105"]
[PlyCount "97"]
[EventDate "2018.07.21"]
[EventType "swiss"]
[EventRounds "10"]
[EventCountry "DEN"]
[SourceTitle "CBM 185 Extra"]
[Source "ChessBase"]
[SourceDate "2018.07.29"]
[SourceVersion "1"]
[SourceVersionDate "2018.07.29"]
[SourceQuality "1"]

1. e4 d6 2. d4 Nf6 3. Nc3 e5 4. dxe5 dxe5 5. Qxd8+ Kxd8 6. Bc4 Be6 7. Bxe6 fxe6 8. f3 Bd6 9. Nh3 Ke7 10. Nf2 Nc6 11. Be3 a6 12. Nd3 h6 13. 0-0-0 b5 14. a4 Rhb8 15. b3 Nd7 16. h4 Na5 17. Kd2 b4 18. Ne2 c5 19. Ke1 c4 20. Ndc1 Rc8 21. Kf2 cxb3 22. Nxb3 Nc4 23. Rd3 Nb2 24. Rd2 Nc4 25. Rd3 Nb2 26. Rd2 a5 27. Rc1 Rc6 28. c3 Nxa4 29. cxb4 Rxc1 30. Nexc1 Bxb4 31. Rc2 Nc3 32. Bd2 Rc8 33. Bxc3 Rxc3 34. Rxc3 Bxc3 35. Ke2 a4 36. Kd3 Be1 37. Nd2 Nc5+ 38. Kc2 Bxh4 39. Nc4 Kf6 40. Kb2 Bf2 41. Ka3 Bd4 42. Kb4 h5 43. Ne2 Nd3+ 44. Kxa4 Ne1 45. Nxe5 Kxe5 46. f4+ Kxe4 47. Ng3+ Kxf4 48. Nxh5+ Kg4 49. Nxg7 0-1

[Event "Stjernen NGP A"]
[Site "Oslo"]
[Date "2018.06.10"]
[Round "6"]
[White "Kittilsen, Sigurd"]
[Black "Schouten, Mathias Lind"]
[Result "1-0"]
[WhiteElo "1889"]
[BlackElo "1752"]
[PlyCount "121"]
[EventDate "2018.06.08"]
[EventType "swiss"]
[EventRounds "6"]
[EventCountry "NOR"]
[SourceTitle "EXT 2024"]
[Source "ChessBase"]
[SourceDate "2023.10.10"]
[SourceVersion "1"]
[SourceVersionDate "2023.10.10"]
[SourceQuality "1"]

1. e4 e6 2. d4 d5 3. Nc3 dxe4 4. Nxe4 Nf6 5. Bd3 Nxe4 6. Bxe4 c5 7. Nf3 cxd4 8. Qxd4 Qxd4 9. Nxd4 Bc5 10. Be3 e5 11. Nb5 Bxe3 12. Nc7+ Kd8 13. Nxa8 Bc5 14. 0-0-0+ Bd7 15. Bxb7 Bxf2 16. Rd3 Ke7 17. Nc7 Nc6 18. Rhd1 Bg4 19. Bxc6 Bxd1 20. Rd7+ Kf6 21. Kxd1 Rc8 22. Ba4 Kg6 23. Ke2 Bh4 24. g3 Bg5 25. Rd6+ f6 26. Nd5 Rc4 27. Be8+ Kh6 28. Ne3 Bxe3 29. Kxe3 Rxc2 30. Rd2 Rc4 31. b3 Rc3+ 32. Ke4 Kg5 33. Bd7 h5 34. h4+ Kh6 35. Rd3 Rc2 36. a3 g6 37. b4 Re2+ 38. Kf3 Re1 39. Kf2 Ra1 40. a4 Rb1 41. b5 Ra1 42. Rd6 Rxa4 43. Rxf6 Ra2+ 44. Ke3 Ra3+ 45. Ke4 Rxg3 46. Kxe5 Re3+ 47. Kf4 Rb3 48. Be8 Rb4+ 49. Kg3 Rb3+ 50. Rf3 Rb1 51. Ra3 Rb4 52. Bc6 g5 53. hxg5+ Kxg5 54. Rxa7 h4+ 55. Kf2 Rb2+ 56. Ke3 h3 57. Rh7 Rb3+ 58. Kd4 Kg6 59. Be4+ Kf6 60. Bd3 Kg5 61. Rxh3 1-0

[Event "Stjernen NGP A"]
[Site "Oslo"]
[Date "2018.06.10"]
[Round "5"]
[White "Midtstue, Lasse"]
[Black "Kittilsen, Sigurd"]
[Result "1/2-1/2"]
[WhiteElo "1772"]
[BlackElo "1889"]
[PlyCount "95"]
[EventDate "2018.06.08"]
[EventType "swiss"]
[EventRounds "6"]
[EventCountry "NOR"]
[SourceTitle "EXT 2024"]
[Source "ChessBase"]
[SourceDate "2023.10.10"]
[SourceVersion "1"]
[SourceVersionDate "2023.10.10"]
[SourceQuality "1"]

1. Nf3 c5 2. b3 d6 3. Bb2 e5 4. e4 Nf6 5. d3 Be7 6. Be2 Nc6 7. 0-0 0-0 8. Nbd2 h6 9. Nc4 Be6 10. Nfd2 b5 11. Ne3 d5 12. exd5 Nxd5 13. Nxd5 Bxd5 14. f4 exf4 15. Rxf4 Bg5 16. Rf1 Nd4 17. Bxd4 cxd4 18. Bf3 Be3+ 19. Kh1 Bxd2 20. Qxd2 Rc8 21. a4 b4 22. Rae1 Rc3 23. Re5 Be6 24. Bd1 Qc7 25. Qf4 Rd8 26. Re2 Qxf4 27. Rxf4 g5 28. Rff2 Bg4 29. Re1 Bxd1 30. Rxd1 Rdc8 31. Rdd2 Rxb3 32. h4 Ra3 33. hxg5 Rxa4 34. gxh6 Ra6 35. h7+ Kg7 36. Rf4 Rh6+ 37. Kg1 Rd8 38. Rdf2 f6 39. g4 Kxh7 40. Rxf6 Rxf6 41. Rxf6 Rc8 42. Ra6 Rxc2 43. Rxa7+ Kg6 44. Rb7 Rb2 45. Rd7 Rc2 46. Rb7 Rb2 47. Rd7 Rc2 48. Rb7 1/2-1/2

[Event "Stjernen NGP A"]
[Site "Oslo"]
[Date "2018.06.09"]
[Round "4"]
[White "Kittilsen, Sigurd"]
[Black "Sjoberg, Isak"]
[Result "1/2-1/2"]
[WhiteElo "1889"]
[BlackElo "2075"]
[PlyCount "99"]
[EventDate "2018.06.08"]
[EventType "swiss"]
[EventRounds "6"]
[EventCountry "NOR"]
[SourceTitle "EXT 2024"]
[Source "ChessBase"]
[SourceDate "2023.10.10"]
[SourceVersion "1"]
[SourceVersionDate "2023.10.10"]
[SourceQuality "1"]

1. e4 e5 2. Nf3 Nc6 3. d4 exd4 4. Nxd4 Bc5 5. Nxc6 Qf6 6. Qf3 bxc6 7. Nc3 a5 8. Bd3 Bd4 9. Qxf6 Nxf6 10. 0-0 0-0 11. Re1 Rb8 12. Bd2 Rxb2 13. Ne2 Bc5 14. Bxa5 Ng4 15. Rf1 Ne5 16. Rfe1 Nxd3 17. cxd3 Ba6 18. Rad1 Rxa2 19. Bxc7 Ra8 20. Bg3 Bb4 21. Nc1 Rc2 22. Re2 Rxe2 23. Nxe2 Bxd3 24. Nc1 Bc2 25. Rxd7 h6 26. h3 Ra1 27. Bf4 Ba3 28. Ra7 Bxc1 29. Rxa1 Bxf4 30. Ra8+ Kh7 31. f3 c5 32. Kf2 Bd3 33. Rc8 c4 34. g3 Bd2 35. Rd8 c3 36. Rxd3 c2 37. Rxd2 c1Q 38. Rd5 Qh1 39. g4 Qxh3 40. Rh5 Qxh5 41. gxh5 g6 42. Kg3 gxh5 43. Kh4 Kg6 44. f4 f6 45. e5 fxe5 46. fxe5 Kf5 47. e6 Kf6 48. e7 Kxe7 49. Kxh5 Kf7 50. Kxh6 1/2-1/2

[Event "Oslo Stjernens op"]
[Site "Oslo"]
[Date "2017.06.17"]
[Round "5"]
[White "Kittilsen, Sigurd"]
[Black "Kristiansen, Rune Harald"]
[Result "1-0"]
[WhiteElo "1825"]
[BlackElo "1845"]
[PlyCount "31"]
[EventDate "2017.06.16"]
[EventType "swiss"]
[EventRounds "6"]
[EventCountry "NOR"]
[SourceTitle "EXT 2018"]
[Source "ChessBase"]
[SourceDate "2017.10.13"]
[SourceVersion "1"]
[SourceVersionDate "2017.10.13"]
[SourceQuality "1"]

1. e4 c6 2. d4 d5 3. f3 dxe4 4. fxe4 e5 5. Nf3 Bg4 6. Bc4 f6 7. c3 Nd7 8. Qb3 Qe7 9. Bxg8 Bxf3 10. gxf3 exd4 11. cxd4 0-0-0 12. Bf4 Qb4+ 13. Nd2 Qxd4 14. Be6 b6 15. Qc4 Bc5 16. Qa6# 1-0

[Event "Oslo Akademisk CC-ch"]
[Site "Oslo"]
[Date "2016.03.20"]
[Round "1"]
[White "Kittilsen, Sigurd"]
[Black "Kvisla, Johannes Luangtep"]
[Result "0-1"]
[WhiteElo "1754"]
[BlackElo "2253"]
[PlyCount "102"]
[EventDate "2016.03.20"]
[EventType "tourn"]
[EventRounds "11"]
[EventCountry "NOR"]
[SourceTitle "EXT 2024"]
[Source "ChessBase"]
[SourceDate "2023.10.10"]
[SourceVersion "1"]
[SourceVersionDate "2023.10.10"]
[SourceQuality "1"]

1. e4 c5 2. Nf3 a6 3. d4 cxd4 4. Nxd4 e5 5. Nf3 Nf6 6. Bg5 Qa5+ 7. Qd2 Qxd2+ 8. Nbxd2 Nc6 9. Bd3 d6 10. Nc4 Be6 11. Nb6 Rb8 12. a3 Be7 13. c4 Bd8 14. Nd5 b5 15. Bxf6 gxf6 16. b4 Rg8 17. Rc1 Na7 18. g3 bxc4 19. Rxc4 Nb5 20. Rc6 Nxa3 21. Rxa6 Nb5 22. Kd2 f5 23. Bxb5+ Rxb5 24. Rxd6 fxe4 25. Nc3 Rxb4 26. Nxe5 Bc7 27. Rxe6+ fxe6 28. Nc6 Rc4 29. Na7 Ba5 30. Nab5 Ke7 31. Ra1 Rd8+ 32. Kc2 Bb6 33. Re1 Rdc8 34. Kb3 Ba5 35. Rxe4 Rxc3+ 36. Nxc3 Rxc3+ 37. Kb2 Rf3 38. Rh4 Rxf2+ 39. Kb3 Rf7 40. Ra4 Bb6 41. Rb4 Bc5 42. Rc4 Kd6 43. Rh4 Kd5 44. Kc3 e5 45. Kd3 Ra7 46. g4 e4+ 47. Ke2 Kd4 48. Rh5 Bd6 49. h3 e3 50. Rh6 Ra2+ 51. Kf3 Rf2# 0-1

[Event "Oslo Stjernens op"]
[Site "Oslo"]
[Date "2016.03.13"]
[Round "5"]
[White "Afsari Rad, Aidin"]
[Black "Kittilsen, Sigurd"]
[Result "0-1"]
[WhiteElo "1656"]
[BlackElo "1754"]
[PlyCount "28"]
[EventDate "2016.03.11"]
[EventType "swiss"]
[EventRounds "5"]
[EventCountry "NOR"]
[SourceTitle "EXT 2019"]
[Source "ChessBase"]
[SourceDate "2018.10.10"]
[SourceVersion "1"]
[SourceVersionDate "2018.10.10"]
[SourceQuality "1"]

1. d4 d5 2. c4 c6 3. Nc3 Nf6 4. Nf3 e6 5. Bg5 Nbd7 6. cxd5 exd5 7. e3 Qa5 8. Bd3 Ne4 9. Bxe4 dxe4 10. Nd2 Qxg5 11. Ndxe4 Qxg2 12. Kd2 Ne5 13. dxe5 Bg4 14. Rg1 0-0-0+ 0-1

[Event "NOR-ch Class2"]
[Site "Lillehammer"]
[Date "2013.06.29"]
[Round "5"]
[White "Kittilsen, Sigurd"]
[Black "Vaseng, Oyvind Hoem"]
[Result "1-0"]
[WhiteElo "1463"]
[BlackElo "1573"]
[PlyCount "53"]
[EventDate "2013.06.29"]
[EventType "swiss"]
[EventRounds "9"]
[EventCountry "NOR"]
[SourceTitle "EXT 2017"]
[Source "ChessBase"]
[SourceDate "2016.10.25"]
[SourceVersion "1"]
[SourceVersionDate "2016.10.25"]
[SourceQuality "1"]

1. e4 d5 2. exd5 Qxd5 3. Nf3 Nf6 4. Be2 Bg4 5. 0-0 e6 6. c4 Qa5 7. d4 c6 8. h3 Bh5 9. Bf4 Nbd7 10. Nc3 Be7 11. a3 0-0 12. b4 Qd8 13. d5 cxd5 14. cxd5 Rc8 15. d6 e5 16. dxe7 Qxe7 17. Bd2 e4 18. Nd4 e3 19. Bxe3 Rxc3 20. Bxh5 Rxe3 21. fxe3 Qxe3+ 22. Kh1 Nxh5 23. Nf5 Qe6 24. Qxh5 g6 25. Qg4 Nf6 26. Nh6+ Kg7 27. Qxe6 1-0

[Event "NOR-ch Class2"]
[Site "Lillehammer"]
[Date "2013.06.29"]
[Round "4"]
[White "Rasdal, Yngve"]
[Black "Kittilsen, Sigurd"]
[Result "1/2-1/2"]
[WhiteElo "1501"]
[BlackElo "1463"]
[PlyCount "48"]
[EventDate "2013.06.29"]
[EventType "swiss"]
[EventRounds "9"]
[EventCountry "NOR"]
[SourceTitle "EXT 2017"]
[Source "ChessBase"]
[SourceDate "2016.10.25"]
[SourceVersion "1"]
[SourceVersionDate "2016.10.25"]
[SourceQuality "1"]

1. e4 c5 2. Nf3 Nc6 3. Nc3 g6 4. d4 cxd4 5. Nxd4 Bg7 6. Be3 d6 7. Be2 Bd7 8. Qd2 Nf6 9. h3 0-0 10. 0-0 a6 11. a4 Rc8 12. f4 Na5 13. f5 Nc4 14. Bxc4 Rxc4 15. b3 Rc8 16. Rac1 Qa5 17. Nb1 Qc7 18. Qd3 Bc6 19. Nd2 Nd7 20. Nxc6 Qxc6 21. c4 Bb2 22. Rce1 Nc5 23. Qc2 Bg7 24. Bg5 Qb6 1/2-1/2

[Event "Hedmark & Oppland Region-ch"]
[Site "Hamar"]
[Date "2013.04.06"]
[Round "1"]
[White "Reigstad, Erlend"]
[Black "Kittilsen, Sigurd"]
[Result "0-1"]
[WhiteElo "803"]
[BlackElo "1470"]
[PlyCount "76"]
[EventDate "2013.04.06"]
[EventType "swiss"]
[EventRounds "5"]
[EventCountry "NOR"]
[SourceTitle "EXT 2024"]
[Source "ChessBase"]
[SourceDate "2023.10.10"]
[SourceVersion "1"]
[SourceVersionDate "2023.10.10"]
[SourceQuality "1"]

1. c4 e5 2. Nc3 Nf6 3. e4 Bb4 4. Nge2 0-0 5. g3 b6 6. Bg2 Bb7 7. 0-0 c6 8. Re1 d5 9. cxd5 cxd5 10. exd5 Nxd5 11. a3 Nxc3 12. dxc3 Bxg2 13. Kxg2 Be7 14. Qb3 Na6 15. Rd1 Qc7 16. Qb5 Nc5 17. Be3 a6 18. Qc4 b5 19. Qd5 Rfd8 20. Qf3 g6 21. Bxc5 Bxc5 22. Ng1 Qa7 23. Nh3 Rac8 24. Qf6 Re8 25. Qh4 f5 26. Rd2 Qg7 27. Rad1 Be7 28. Ng5 h6 29. Ne6 Qf7 30. Qxh6 Qxe6 31. Qe3 Red8 32. Rxd8+ Rxd8 33. Rh1 Qc6+ 34. f3 Bc5 35. Qxe5 Rd2+ 36. Kh3 Qxf3 37. Qe8+ Kh7 38. Qf7+ Kh6 0-1

[Event "Hamar CC-ch A"]
[Site "Hamar"]
[Date "2012.04.19"]
[Round "8"]
[White "Kittilsen, Sigurd"]
[Black "Ormasen, Odd Steinar"]
[Result "0-1"]
[WhiteElo "1477"]
[BlackElo "1644"]
[PlyCount "114"]
[EventDate "2012.01.05"]
[EventType "swiss"]
[EventRounds "9"]
[EventCountry "NOR"]
[SourceTitle "EXT 2024"]
[Source "ChessBase"]
[SourceDate "2023.10.10"]
[SourceVersion "1"]
[SourceVersionDate "2023.10.10"]
[SourceQuality "1"]

1. e4 c5 2. c3 d5 3. exd5 Qxd5 4. Nf3 Nc6 5. d4 Bg4 6. dxc5 Qxd1+ 7. Kxd1 0-0-0+ 8. Ke1 Bxf3 9. gxf3 Ne5 10. Be2 g6 11. Be3 Nf6 12. f4 Ned7 13. Bf3 e6 14. c6 bxc6 15. Bxc6 Nc5 16. Bd4 Be7 17. Ke2 a6 18. Nd2 Rhg8 19. b4 Ncd7 20. b5 axb5 21. Bxb5 Nd5 22. a4 Nxf4+ 23. Kf3 Nd5 24. a5 Kc7 25. Rhb1 e5 26. Be3 f5 27. c4 e4+ 28. Kg2 Nxe3+ 29. fxe3 Nc5 30. Nb3 Rd3 31. Nxc5 Bxc5 32. Rd1 Rgd8 33. Rxd3 Rxd3 34. Re1 Bxe3 35. Rf1 f4 36. h4 h6 37. Rb1 g5 38. hxg5 hxg5 39. Kf1 Bd4 40. Re1 e3 41. Ke2 Rd2+ 42. Kf3 Bc3 43. Re2 g4+ 44. Kxg4 Rxe2 45. Kxf4 Bxa5 46. Kf3 Re1 47. c5 Bd2 48. Ke4 Rb1 49. Be2 Kc6 50. Ke5 Kxc5 51. Ke4 Rb3 52. Ke5 Kb4 53. Kd4 Rc3 54. Bd3 Ka3 55. Be2 Kb2 56. Bd3 Ra3 57. Be2 Kc2 0-1

[Event "Hamar CC-ch A"]
[Site "Hamar"]
[Date "2012.03.08"]
[Round "4"]
[White "Kittilsen, Sigurd"]
[Black "Brobakken, Geir"]
[Result "1/2-1/2"]
[WhiteElo "1477"]
[BlackElo "1724"]
[PlyCount "111"]
[EventDate "2012.01.05"]
[EventType "swiss"]
[EventRounds "9"]
[EventCountry "NOR"]
[SourceTitle "EXT 2024"]
[Source "ChessBase"]
[SourceDate "2023.10.10"]
[SourceVersion "1"]
[SourceVersionDate "2023.10.10"]
[SourceQuality "1"]

1. e4 c6 2. d4 d5 3. Nc3 dxe4 4. Nxe4 Nf6 5. f3 Bf5 6. Bd3 Qxd4 7. Ne2 Qb6 8. N2g3 Nxe4 9. Nxe4 e6 10. c3 Nd7 11. Qe2 Be7 12. Be3 Qc7 13. 0-0 0-0 14. Rad1 Rad8 15. Rd2 Bg6 16. Bf2 Nf6 17. Bg3 Qc8 18. Rfd1 Nh5 19. Be5 Rd5 20. Nf2 Rfd8 21. Bxg6 Rxd2 22. Bxf7+ Kxf7 23. Rxd2 Nf6 24. Bxf6 gxf6 25. Qd1 Rxd2 26. Qxd2 Qd8 27. Qxd8 Bxd8 28. Ne4 f5 29. Nd2 Kf6 30. b3 Ke5 31. Nc4+ Kd5 32. Ne3+ Kc5 33. Kf2 Bf6 34. Nd1 b5 35. Ke3 Be5 36. h3 Kd5 37. Kd3 Bd6 38. Ke3 c5 39. g4 Be5 40. Kd3 c4+ 41. bxc4+ bxc4+ 42. Kd2 fxg4 43. hxg4 Bf4+ 44. Kc2 a5 45. a4 Bg5 46. Nf2 Ke5 47. Kd1 Be7 48. Ne4 h6 49. Ke2 Ba3 50. Kf2 Bb2 51. Ke2 Kf4 52. Kf2 Ke5 53. Ke2 Bc1 54. Kf2 Kd5 55. Ke2 e5 56. Kf2 1/2-1/2

[Event "Hamar CC-ch A"]
[Site "Hamar"]
[Date "2012.01.05"]
[Round "1"]
[White "Kittilsen, Sigurd"]
[Black "Pilo, Lars"]
[Result "0-1"]
[WhiteElo "1477"]
[BlackElo "1949"]
[PlyCount "70"]
[EventDate "2012.01.05"]
[EventType "swiss"]
[EventRounds "9"]
[EventCountry "NOR"]
[SourceTitle "EXT 2024"]
[Source "ChessBase"]
[SourceDate "2023.10.10"]
[SourceVersion "1"]
[SourceVersionDate "2023.10.10"]
[SourceQuality "1"]

1. e4 c5 2. c3 d5 3. exd5 Qxd5 4. Nf3 Nc6 5. d4 cxd4 6. Nxd4 Nxd4 7. Qxd4 Qxd4 8. cxd4 Nf6 9. Bb5+ Bd7 10. Bxd7+ Kxd7 11. Nc3 e6 12. 0-0 Rc8 13. Bg5 Bb4 14. Bxf6 gxf6 15. Rac1 Bxc3 16. Rxc3 Rxc3 17. bxc3 Rc8 18. Rc1 Rc4 19. Kf1 b5 20. a3 Kc6 21. Ke2 e5 22. dxe5 fxe5 23. f3 f5 24. Kd2 Ra4 25. Ra1 Kd5 26. Kc2 e4 27. fxe4+ fxe4 28. Rd1+ Ke5 29. Kb3 e3 30. Rd8 Re4 31. Re8+ Kd5 32. Rxe4 Kxe4 33. Kc2 a5 34. h4 h5 35. g4 Kf3 0-1

[Event "Hamar CC-ch"]
[Site "Hamar"]
[Date "2011.12.05"]
[Round "9"]
[White "Kittilsen, Sigurd"]
[Black "Ormasen, Odd Steinar"]
[Result "1/2-1/2"]
[WhiteElo "1411"]
[BlackElo "1625"]
[PlyCount "80"]
[EventDate "2011.01.06"]
[EventType "swiss"]
[EventRounds "9"]
[EventCountry "NOR"]
[SourceTitle "EXT 2024"]
[Source "ChessBase"]
[SourceDate "2023.10.10"]
[SourceVersion "1"]
[SourceVersionDate "2023.10.10"]
[SourceQuality "1"]

1. e4 e5 2. Nf3 Nc6 3. Nc3 Nf6 4. Bc4 Bc5 5. d3 h6 6. 0-0 d6 7. h3 0-0 8. Be3 Nd4 9. Na4 Nxf3+ 10. Qxf3 Bxe3 11. fxe3 c6 12. Nc3 Be6 13. Bb3 d5 14. exd5 cxd5 15. Ne2 a5 16. a4 e4 17. Qg3 exd3 18. cxd3 Ra6 19. Nd4 Qd6 20. Qxd6 Rxd6 21. Nxe6 fxe6 22. Rac1 Rc6 23. Rxc6 bxc6 24. Rc1 Rb8 25. Rc3 c5 26. Bc2 Nd7 27. Rb3 Rxb3 28. Bxb3 Ne5 29. e4 Nxd3 30. exd5 Nxb2 31. dxe6 c4 32. Bc2 Kf8 33. Kf2 Ke7 34. Ke3 Kxe6 35. Kd4 Kd6 36. Kc3 Nd3 37. Kxc4 Nb4 38. Be4 Nc6 39. Kb5 Nd4+ 40. Kxa5 Kc5 1/2-1/2

[Event "Hamar op A"]
[Site "Hamar"]
[Date "2011.09.01"]
[Round "1"]
[White "Hoel, Ole"]
[Black "Kittilsen, Sigurd"]
[Result "1-0"]
[WhiteElo "1676"]
[BlackElo "1505"]
[PlyCount "115"]
[EventDate "2011.09.01"]
[EventType "swiss"]
[EventRounds "7"]
[EventCountry "NOR"]
[SourceTitle "EXT 2024"]
[Source "ChessBase"]
[SourceDate "2023.10.10"]
[SourceVersion "1"]
[SourceVersionDate "2023.10.10"]
[SourceQuality "1"]

1. e4 g6 2. d4 Bg7 3. Bc4 d6 4. Be3 Nf6 5. f3 d5 6. Bb5+ c6 7. Bd3 dxe4 8. Bxe4 Nxe4 9. fxe4 c5 10. Nf3 Bg4 11. c3 cxd4 12. cxd4 Qb6 13. Nbd2 Qxb2 14. Rb1 Qa3 15. Rb3 Qxa2 16. Rxb7 Nc6 17. e5 Qd5 18. Qa4 0-0 19. Rb5 Qd7 20. 0-0 a6 21. Rb6 Nxe5 22. Qxd7 Nxd7 23. Rb7 e5 24. d5 Rad8 25. Ne4 Bxf3 26. Rxf3 f5 27. Ng5 f4 28. Ba7 Nf6 29. Ne6 Rxd5 30. Rxg7+ Kh8 31. Nxf8 Rd1+ 32. Rf1 Rxf1+ 33. Kxf1 Kxg7 34. Ne6+ Kf7 35. Nc5 a5 36. Bb6 Ng4 37. Kg1 a4 38. Nxa4 e4 39. h3 Nf6 40. Nc3 Ke6 41. Bd8 e3 42. Kf1 Nd5 43. Nxd5 Kxd5 44. Bg5 Ke4 45. Ke2 Kf5 46. Bh6 g5 47. Kf3 Kg6 48. Bf8 h5 49. Ke4 Kf6 50. Bb4 Ke6 51. Bc3 e2 52. h4 f3 53. Kxf3 Kf5 54. Be1 g4+ 55. Ke3 Ke5 56. Bc3+ Kf5 57. g3 Ke6 58. Kxe2 1-0